000 00303nam a2200121 a 4500
008 100910s1973|||| d
245 1 0 _aPomsta Sidónie Rislerovej
100 1 _aDaudet, Alphonse
260 _c1973
_aBratislava
_bSlovenský spisovateľ
020 _c18
044 _axo
_cSK
041 _aslo
999 _c10263
_d10263